Baby names at risk of extinction - Statistics

General Stats
  • This quiz has been taken 33 times
  • The average score is 7 of 14
Answer Stats
Hint Answer % Correct
Leader of the Rebel Alliance and sister of Luke Skywalker Leia
93%
Luxury car manufacturer Rolls____ Royce
93%
Professional basketball player who died in helicopter crash Kobe
73%
Star of "On Golden Pond" and long-term girlfriend of Spencer Tracey Katherine
67%
Protagonist of "Breaking Bad", also known as Heisenberg Walter
60%
Star of controversial reality TV show _____ Plus Eight Kate
50%
Younger protagonist of Gilmore Girls Rory
43%
Actor who plays Anakin Skywalker Hayden
37%
Former President of Venezuela Hugo
37%
One of the four central characters of South Park Kyle
30%
Star of "Pineapple Express" Seth
30%
Martial artist and action movie star of questionable talent Steven
30%
Female lead of High School Musical Vanessa
30%
Deadpool's real name Wade
23%
No matching quizzes found
Score Distribution
Percent of People with Each Score
Percentile by Number Answered
Your Score History
You have not taken this quiz